| 000 | 01693cam a22002414a 4500 | ||
|---|---|---|---|
| 005 | 20250605164407.0 | ||
| 008 | 250528s ||||||||||||||||||||||||d | ||
| 035 | _a24884 | ||
| 020 | _a9780470019023 | ||
| 040 |
_aGR-AtMCL _bgre _dGR-AtMCL _eAACR2 |
||
| 245 | 1 | _aAssessment in Forensic Practice / A Handbook | |
| 250 | _a1st | ||
| 260 |
_bWiley Blackwell, _c2017 |
||
| 300 | _a406 | ||
| 520 | _aIntroduction, Criminal Case Assessments, Case Formulation and Risk Assessment, Assessment of Violence and Homicide, Sexual Offenders, The Assessment of Firesetters, Forensic Psychological Risk Assessment for the Parole Board, Forensic Psychological Risk Assessment for the Parole Board, Behavioral Assessment in Investigative Psychology, Offenders with Mental Disorders, Assessing Risk of Violence of Offenders with Mental Disorders, Assessing Mental Capacity and Fitness to Plead in Offenders with Intellectual Disabilities: Implications for Practice, Offenders with Personality Disorder Diagnoses, Offenders and Substance Abuse, Family Violence, Community Approaches to the Assessment and Prevention of Intimate Partner Violence and Child Maltreatment, Psychological Assessment of Parenting in Family Proceedings, Perpetrators of Intimate Partner Violence, Policy and Practice, Assessment of Hostage Situations and Their Perpetrators: In the Context of Domestic Violence, Assessing the Sexually Abused Child as a Witness, Working with Young Offenders, The Ethics of Risk Assessment, Index. | ||
| 700 | 1 |
_aBeech Anthony _98750 |
|
| 700 | 1 |
_aBrowne Kevin D _99627 |
|
| 700 | 1 |
_aChou Shihning _99628 |
|
| 700 | 1 |
_aCraig Leam A _99629 |
|
| 942 | _cBK | ||
| 999 |
_c9719 _d9719 |
||